LIBRARY & INFORMATION CENTRE, KCAET, TAVANUR

ONLINE PUBLIC ACCESS CATALOGUE (OPAC)

Indian metalliferrous mining industry- A conspectus / (Record no. 6740)

MARC details
000 -LEADER
fixed length control field 00416cam a2200157ua 4500
041 ## - LANGUAGE CODE
Language code of text/sound track or separate title eng
082 ## - DEWEY DECIMAL CLASSIFICATION NUMBER
Classification number 028.74622
Item number GHO/IN
100 ## - MAIN ENTRY--AUTHOR NAME
Personal name Ghose, A K .
245 ## - TITLE STATEMENT
Title Indian metalliferrous mining industry- A conspectus /
250 ## - EDITION STATEMENT
Edition statement 1 /
260 ## - PUBLICATION, DISTRIBUTION, ETC. (IMPRINT)
Place of publication Calcutta :
Name of publisher Institution of engineers ,
Year of publication 1986.
300 ## - PHYSICAL DESCRIPTION
Number of Pages 72 ; .
942 ## - ADDED ENTRY ELEMENTS (KOHA)
Koha item type Books
Holdings
Withdrawn status Lost status Damaged status Home library Current library Date acquired Full call number Accession Number Koha item type
      KAUAET   01/10/1986 028.74622 15830 Books
free website counter